00282nam a2200121Ia 4500008004100000041000900041082001700050100001100067245002500078260004100103300000800144650000800152230718s9999 xx 000 0 und d aEng. a813.6bSHA-C aShafaq 0aChalis Charag Ishq k aPakistanbJamhori Publicationsc2011 a374 aLaw